LEADER 00995nam a2200229 i 4500 001 000000170778 003 CaOOAMICUS 005 20080408000000.0 008 080408s1994 be u000 u mul u 013 $a148194 040 $aSeMil$bita 110 2 $aUniversité Catholique de Louvain .$0(OLS)http://semarc/name/57 245 10$aCLCLT - 2 /$cUniversitas Catholica Lovaniensis. 260 $aTurnhout :$bBrepols,$c1994. 300 $a115 p. ;$c21 cm. 500 $aTesto anche in francese. - In cofanetto con : [CLCLT - 1] Cd-Rom. 650 4$aCristianesimo - Fonti.$0(OLS)http://semarc/subject/32495 773 0 $aUniversité Catholique de Louvain $tCetedoc library of christian latin texts.$dTurnhout : Brepols, 1994.$z2-503-50397-7$w()19411 850 $aSeMil 852 $aSeMil$W1$xVenegono$y1$m$j2960$B121661$CSeMilBibl$Z2$F0 $82 996 $6245$aCLCLT - 2$9(OLS)http://semarc/title/244257 996 $6260$aTurnhout :$bBrepols$9(OLS)http://semarc/publisher/29626 LEADER 01056nam a2200217 i 4500 001 000000119107 003 CaOOAMICUS 005 20131126000000.0 008 131126s2008 it u000 u ita u 013 $a91800 040 $aSeMil$bita 100 1 $aConsolini, Francesca.$0(OLS)http://semarc/name/19320 245 10$aPer tuo solo amore vivrò :$bquaderni di esercizi spirituali di madre Laura Barraggia /$ca cura di Francesca Consolini zum "Paradiesgartlein. 260 $a[S.l.] :$bCongregazione "Famiglia del S. Cuore di Gesù",$cstampa 2008. 300 $aX, 104 p. ;$c21 cm. 600 14$aBaraggia, Maria Laura .$0(OLS)http://semarc/subject/21207 850 $aSeMil 852 $aSeMil$W1$xVenegono$y1$m3G V 210$j74351$B74351$CSeMilBibl$Z2$F76680 $81 961 $aOmaggio: Altro 996 $6245$aPer tuo solo amore vivrò :$bquaderni di esercizi spirituali di madre Laura Barraggia$9(OLS)http://semarc/title/175023 996 $6260$a[S.l.] :$bCongregazione "Famiglia del S. Cuore di Gesù"$9(OLS)http://semarc/publisher/45868